Public health skills : a practical guide for nurses and public health practitioners /

Bibliographic Details
Other Authors: Coles, Lesley, Porter, Elizabeth, 1951-
Format: eBook
Language:English
Published: Oxford ; Malden, MA : Blackwell, 2008.
Series:Wiley online library.
Subjects:
Online Access:Connect to the full text of this electronic book

MARC

Tag First Indicator Second Indicator Subfields
LEADER 00000cam a2200000Ia 4500
001 in00002722921
005 20210727160141.0
006 m d
007 cr cn|||||||||
008 090527s2008 enka ob 001 0 eng d
020 |a 1444302574 
020 |a 9781444302578 
024 7 |a 10.1002/9781444302578  |2 doi 
035 |a (OCoLC)352827296 
035 |a (OCoLC)ocn352827296 
035 |a 3941757 
037 |a 10.1002/9781444302578  |b Wiley InterScience  |n http://www3.interscience.wiley.com 
040 |a DG1  |b eng  |c DG1  |d DG1  |d TXA  |d UtOrBLW 
049 |a TXAM 
050 4 |a RT97  |b .P85 2008eb 
060 1 4 |a 2008 J-063 
060 1 4 |a WY 108  |b P977 2008 
082 0 4 |a 610.73/4  |2 22 
245 0 0 |a Public health skills :  |b a practical guide for nurses and public health practitioners /  |c edited by Lesley Coles and Elizabeth Porter. 
264 1 |a Oxford ;  |a Malden, MA :  |b Blackwell,  |c 2008. 
300 |a 1 online resource (xviii, 285 pages) :  |b illustrations 
336 |a text  |b txt  |2 rdacontent 
337 |a computer  |b c  |2 rdamedia 
338 |a online resource  |b cr  |2 rdacarrier 
500 |a Electronic resource. 
504 |a Includes bibliographical references and index. 
505 0 |a Assessing and identifying health needs : theories and frameworks for practice / Fiona Haughey -- Health needs assessment : appraising and measuring need / Cindy Carlson -- Needs assessment / John Acres -- Collaborative working : organisational development for community participation / Helen Elsey -- Partnerships for public health : user involvement to improve health and wellbeing / Steve Tee -- Partnerships for public health : professional involvement to improve health and wellbeing / Palo Almond and Sarah Cowley -- Communication and you / Jackie Yardley -- Appraising and influencing health policy and strategy / Sue Toward -- Strategic leadership for health and wellbeing / Yvette Cox and Mark Rawlinson -- Health protection and the role of the public health nurse / Janet McCulloch and Jacqui Prieto -- Research and development : analysis and interpretation of evidence / Sheila Reading -- Quality and risk management in primary care settings / Linda Childs -- Quality and risk management : safe guarding children and vulnerable groups / Wendy Wigley -- Developing programmes, services, and reducing inequalities / Xena Dion -- Programme planning for health education / Chris Griffiths -- Ethically managing self, people, and resources to improve the health and wellbeing of patients and clients in the community / Neil Jackson and Lynda Rogers. 
650 1 2 |a Public Health Nursing  |x methods.  |0 https://id.nlm.nih.gov/mesh/D011637Q000379 
650 2 2 |a Community Health Services.  |0 https://id.nlm.nih.gov/mesh/D003153 
650 2 2 |a Needs Assessment.  |0 https://id.nlm.nih.gov/mesh/D020380 
650 2 2 |a Public Health Practice.  |0 https://id.nlm.nih.gov/mesh/D015980 
650 0 |a Public health nursing.  |0 http://id.loc.gov/authorities/subjects/sh85108662 
650 0 |a Public health personnel.  |0 http://id.loc.gov/authorities/subjects/sh85108666 
650 0 |a Public health.  |0 http://id.loc.gov/authorities/subjects/sh85108638 
655 7 |a Electronic books.  |2 local 
700 1 |a Coles, Lesley.  |0 http://id.loc.gov/authorities/names/n2007183642 
700 1 |a Porter, Elizabeth,  |d 1951-  |0 http://id.loc.gov/authorities/names/n2007183667 
776 1 |c Original  |z 9781405155199  |z 1405155191  |w (DLC) 2007032664  |w (OCoLC)164802851 
830 0 |a Wiley online library. 
856 4 0 |u http://proxy.library.tamu.edu/login?url=https://dx.doi.org/10.1002/9781444302578  |z Connect to the full text of this electronic book  |t 0 
948 |a cataloged  |b h  |c 2012/1/4  |d c  |e jlanham  |f 11:07:18 am 
994 |a C0  |b TXA 
999 |a MARS 
999 f f |s 08f2eeb8-214f-3b5c-902e-15367f27e83c  |i 7dc364c3-1223-393d-9dc2-e97007e527a3  |t 0 
952 f f |a Texas A&M University  |b College Station  |c Electronic Resources  |d Available Online  |t 0  |e RT97 .P85 2008eb  |h Library of Congress classification 
998 f f |a RT97 .P85 2008eb  |t 0  |l Available Online